Hraničné spory Bolívie s Čile (historicko-politické súvislosti)

Bolívia bola pôvodne pobrežný štát, avšak prístup k Tichému oceánu stratila počas tzv. Pacifickej vojny s Čile. Územie strácala aj počas ďalších konfliktov s Brazíliou a Paraguajom. Článok sa sústreďuje predovšetkým na Pacifickú vojnu, t. j. spor s Čile a jeho následky.

Na minha lista:
Detalhes bibliográficos
Autor principal: Kucharčík, Rudolf, 1977-
Formato: Capítulo de Livro
Idioma:eslovaco
Assuntos:
Tags: Adicionar Tag
Sem tags, seja o primeiro a adicionar uma tag!

MARC

LEADER 00000naa$a2200000$$$4500
001 0249547
005 20240502074006.6
041 0 |a slo 
044 |a SK 
245 1 0 |a Hraničné spory Bolívie s Čile (historicko-politické súvislosti)  |c Rudolf Kucharčík 
520 |a Bolívia bola pôvodne pobrežný štát, avšak prístup k Tichému oceánu stratila počas tzv. Pacifickej vojny s Čile. Územie strácala aj počas ďalších konfliktov s Brazíliou a Paraguajom. Článok sa sústreďuje predovšetkým na Pacifickú vojnu, t. j. spor s Čile a jeho následky. 
610 2 0 |a história 
610 2 0 |a politika 
610 2 0 |a geografia 
610 2 0 |a konflikty medzinárodné 
610 2 0 |a vojny 
610 2 0 |a hranice štátne 
610 2 0 |a Bolívia 
610 2 0 |a Čile 
100 1 |a Kucharčík, Rudolf, 1977-